Redundant Redundancies Quiz Stats

 Plays Quiz Updated Jan 29, 2013

Also try: Riddles Me This
Challenge
Share
Tweet
Score 0/50 Timer 10:00
0 Plays Today
% Correct
bouquet
94.3%
ATM
94.2%
HIV
93.9%
taxi
93.8%
unsolved
93.1%
tuna
92.9%
armed
92.2%
PIN
92.2%
pair
91.1%
clenched
89.7%
sand
89.5%
aid
89%
fly
88.8%
disappear
88.7%
tall
88.6%
palm
88.3%
each
88.3%
nape
88.1%
cameo
87.9%
postpone
87.8%
frozen
87.3%
RAM
87.2%
polar
86.8%
safe
85.9%
live
85.4%
% Correct
foreign
85.3%
fellow
85%
rise
84.4%
grave
84.2%
fall
84%
equal
83.9%
anonymous
83.6%
UPC
83.5%
little
83.3%
join
83%
manually
82.8%
natural
81.4%
depreciate
80.7%
final
80.4%
brief
80.3%
overused
80.3%
free
79.2%
GRE
78.3%
wall
77.5%
mutual
77.5%
hollow
77.1%
major
73.7%
over
71.5%
completely
69%
vacillate
64.8%

You're not logged in!

Compare scores with friends on all Sporcle quizzes.
OR
Log In

You Might Also Like...

Show Comments

Extras

Top Quizzes Today


Score Distribution

Your Account Isn't Verified!

In order to create a playlist on Sporcle, you need to verify the email address you used during registration. Go to your Sporcle Settings to finish the process.

Report this User

Report this user for behavior that violates our Community Guidelines.

Details: